Tribhuvan University Central Library

Effectiveness of pair-work technique in teaching reading comprehension (Record no. 62857)

MARC details
000 -LEADER
fixed length control field 00451 a2200145 4500
041 ## - LANGUAGE CODE
Language code of text/sound track or separate title Eng.
082 ## - DEWEY DECIMAL CLASSIFICATION NUMBER
Classification number CD5035
100 ## - MAIN ENTRY--PERSONAL NAME
Personal name Kandel, Dipendra Sharma
245 ## - TITLE STATEMENT
Title Effectiveness of pair-work technique in teaching reading comprehension
260 ## - PUBLICATION, DISTRIBUTION, ETC. (IMPRINT)
Place of publication, distribution, etc Pokhara
Date of publication, distribution, etc 2010
502 ## - DISSERTATION NOTE
Dissertation note Dissertation
Degree type Degree in Education (English)
Name of granting institution T. U. PNC
650 ## - SUBJECT ADDED ENTRY--TOPICAL TERM
Topical term or geographic name as entry element English language
-- Reading skills
-- Language skills
653 ## - INDEX TERM--UNCONTROLLED
Uncontrolled term English education
942 ## - ADDED ENTRY ELEMENTS (KOHA)
Source of classification or shelving scheme Dewey Decimal Classification
Koha item type Audio Visual Materials
Holdings
Withdrawn status Lost status Source of classification or shelving scheme Damaged status Not for loan Home library Current library Date acquired Total Checkouts Full call number Barcode Date last seen Price effective from Koha item type
    Dewey Decimal Classification     Tribhuvan University Central Library Tribhuvan University Central Library 04/15/2014   CD5035 A4432 04/15/2014 04/15/2014 Audio Visual Materials